000 00522nam a2200217Ia 4500
003 OSt
005 20220928144053.0
006 a|||||r|||| 00| 0
007 ta
008 220927b |||||||| |||| 00| 0 eng d
024 _a24050
037 _cTextual
040 _aSDCL
_cSDCL
_beng
041 _2eng
_aeng
082 _aQ1:32, M4
100 _aLahiri Ajay Kumar
_9506734
245 0 _aVedic vertra.
260 _c1984
942 _hQ1:32, M4
_cTEXL
_2CC
999 _c825975
_d825975